Isaiah : (Record no. 20955)

MARC details
000 -LEADER
fixed length control field 01520cam a2200385 a 4500
001 - CONTROL NUMBER
control field 15664942
003 - CONTROL NUMBER IDENTIFIER
control field OSt
005 - DATE AND TIME OF LATEST TRANSACTION
control field 20251208104836.0
008 - FIXED-LENGTH DATA ELEMENTS--GENERAL INFORMATION
fixed length control field 090318r20091999enk b 000 0 eng
010 ## - LIBRARY OF CONGRESS CONTROL NUMBER
LC control number 2009011649
020 ## - INTERNATIONAL STANDARD BOOK NUMBER
International Standard Book Number 9780830842209
Qualifying information pbk. : alk. paper
020 ## - INTERNATIONAL STANDARD BOOK NUMBER
International Standard Book Number 0830842209
Qualifying information pbk. : alk. paper
035 ## - SYSTEM CONTROL NUMBER
System control number 15664942
035 ## - SYSTEM CONTROL NUMBER
System control number (OCoLC)233940168
040 ## - CATALOGING SOURCE
Original cataloging agency DLC
Transcribing agency DLC
Modifying agency YDX
-- BTCTA
-- BAKER
-- YDXCP
-- SGB
-- DLC
050 00 - LIBRARY OF CONGRESS CALL NUMBER
Classification number BS1515.53
Item number .M68 2009
082 00 - DEWEY DECIMAL CLASSIFICATION NUMBER
Classification number 224/.107
Edition number 22
100 1# - MAIN ENTRY--PERSONAL NAME
Personal name Motyer, J. A.
245 10 - TITLE STATEMENT
Title Isaiah :
Remainder of title an introduction and commentary /
Statement of responsibility, etc. J. Alec Motyer.
260 ## - PUBLICATION, DISTRIBUTION, ETC. (IMPRINT)
Place of publication, distribution, etc. Nottingham, England :
Name of publisher, distributor, etc. Inter-Varsity Press ;
Place of publication, distribution, etc. Downers Grove, Ill. :
Name of publisher, distributor, etc. IVP Academic,
Date of publication, distribution, etc. [2009]
300 ## - PHYSICAL DESCRIPTION
Extent 461 p. ;
Dimensions 21 cm.
336 ## - CONTENT TYPE
Content type term text
Content type code txt
Source rdacontent
337 ## - MEDIA TYPE
Media type term unmediated
Media type code n
Source rdamedia
338 ## - CARRIER TYPE
Carrier type term volume
Carrier type code nc
Source rdacarrier
490 1# - SERIES STATEMENT
Series statement Tyndale Old Testament commentaries ;
Volume/sequential designation v. 20
500 ## - GENERAL NOTE
General note Originally published: 1999.
504 ## - BIBLIOGRAPHY, ETC. NOTE
Bibliography, etc Includes bibliographical references.
630 00 - SUBJECT ADDED ENTRY--UNIFORM TITLE
Uniform title Bible.
Name of part/section of a work Isaiah
Form subdivision Commentaries.
655 #7 - INDEX TERM--GENRE/FORM
Genre/form data or focus term Commentaries.
Source of term lcgft
Authority record control number https://id.loc.gov/authorities/genreForms/gf2025026014
830 #0 - SERIES ADDED ENTRY--UNIFORM TITLE
Uniform title Tyndale Old Testament commentaries ;
Volume number/sequential designation v.20.
906 ## - LOCAL DATA ELEMENT F, LDF (RLIN)
a 7
b cbc
c orignew
d 1
e ecip
f 20
g y-gencatlg
942 ## - ADDED ENTRY ELEMENTS (KOHA)
Source of classification or shelving scheme Library of Congress Classification
Koha item type General Collection
Holdings
Withdrawn status Lost status Source of classification or shelving scheme Not for loan Home library Current library Shelving location Date acquired Source of acquisition Inventory number Total Checkouts Full call number Barcode Date last seen Copy number Price effective from Koha item type
    Library of Congress Classification   Kabarak, Main Campus Kabarak, Main Campus General Stacks 08/12/2025 Donation 2025/2251   BS1515.53 .M68 2009 C.1 39197 08/12/2025 C.1 08/12/2025 General Collection
Designed with assistance from East African Informatics Ltd